[Event "Berlin-ch QT"]
[Site "Berlin"]
[Date "2014.04.24"]
[Round "6"]
[White "Buttkus, Andree"]
[Black "Bandow, Alexander"]
[Result "1/2-1/2"]
[WhiteElo "2027"]
[BlackElo "2085"]
[PlyCount "87"]
[EventDate "2014.04.19"]
[EventType "swiss"]
[EventRounds "9"]
[EventCountry "GER"]
[SourceTitle "EXT 2022"]
[Source "ChessBase"]
[SourceDate "2021.10.06"]
[SourceVersion "1"]
[SourceVersionDate "2021.10.06"]
[SourceQuality "1"]

1. d4 Nf6 2. Nf3 Ne4 3. g3 d5 4. Bg2 e6 5. 0-0 Be7 6. c4 c6 7. Nc3 f5 8. Ne5 0-0 9. f3 Nd6 10. c5 Nf7 11. Nxf7 Rxf7 12. Be3 Bf6 13. f4 Na6 14. Rb1 b6 15. b4 bxc5 16. bxc5 Nxc5 17. Nxd5 exd5 18. dxc5 Re7 19. Bf2 Ba6 20. Bf3 Rb8 21. Qc2 g6 22. g4 fxg4 23. Bxg4 Re4 24. Rxb8 Qxb8 25. Bf3 Rc4 26. Qd2 Qxf4 27. Qxf4 Rxf4 28. Rb1 Bb5 29. Bxd5+ Kg7 30. Rxb5 cxb5 31. c6 Bd4 32. e3 Rg4+ 33. Kf1 Bb6 34. Bg3 Rxg3 35. hxg3 Kf6 36. Kg2 Ke5 37. e4 Kd4 38. Kf3 Ke5 39. Kg4 Kf6 40. Kf3 Bc7 41. g4 Bb6 42. Bg8 h5 43. gxh5 gxh5 44. Kg2 1/2-1/2

[Event "Berlin-ch QT"]
[Site "Berlin"]
[Date "2014.04.20"]
[Round "2"]
[White "Acikel, Mert"]
[Black "Bandow, Alexander"]
[Result "0-1"]
[WhiteElo "1695"]
[BlackElo "2085"]
[PlyCount "84"]
[EventDate "2014.04.19"]
[EventType "swiss"]
[EventRounds "9"]
[EventCountry "GER"]
[SourceTitle "EXT 2022"]
[Source "ChessBase"]
[SourceDate "2021.10.06"]
[SourceVersion "1"]
[SourceVersionDate "2021.10.06"]
[SourceQuality "1"]

1. e4 c5 2. Nf3 Nc6 3. d4 cxd4 4. Nxd4 e5 5. Nb3 Nf6 6. Nc3 Bb4 7. Bd3 Bxc3+ 8. bxc3 0-0 9. 0-0 d5 10. exd5 Nxd5 11. Bb2 Nf4 12. Be4 f5 13. Bxc6 bxc6 14. Qxd8 Rxd8 15. Rfd1 Be6 16. Na5 Rxd1+ 17. Rxd1 Rb8 18. Ba1 Rb6 19. g3 Nh3+ 20. Kg2 f4 21. c4 e4 22. gxf4 Nxf4+ 23. Kf1 Bh3+ 24. Ke1 Bg4 25. Rd8+ Kf7 26. Nb3 c5 27. Kd2 Ra6 28. Rb8 Ne6 29. Rb7+ Kg6 30. Be5 Rxa2 31. Rb5 a6 32. Rb6 Kf5 33. Bd6 Nd4 34. Nxd4+ cxd4 35. Rb3 Ra1 36. c3 Ra2+ 37. Ke1 d3 38. Rb1 Re2+ 39. Kf1 Bh3+ 40. Kg1 d2 41. Rd1 Re1+ 42. Rxe1 dxe1Q# 0-1

[Event "Berlin-ch QT"]
[Site "Berlin"]
[Date "2014.04.19"]
[Round "1"]
[White "Bandow, Alexander"]
[Black "Stumpf, Andreas"]
[Result "1-0"]
[WhiteElo "2085"]
[BlackElo "1735"]
[PlyCount "39"]
[EventDate "2014.04.19"]
[EventType "swiss"]
[EventRounds "9"]
[EventCountry "GER"]
[SourceTitle "EXT 2022"]
[Source "ChessBase"]
[SourceDate "2021.10.06"]
[SourceVersion "1"]
[SourceVersionDate "2021.10.06"]
[SourceQuality "1"]

1. e4 e5 2. Nf3 Nf6 3. d3 Nc6 4. g3 Be7 5. Bg2 0-0 6. 0-0 d5 7. exd5 Nxd5 8. Nc3 Nxc3 9. bxc3 Re8 10. Rb1 Rb8 11. Re1 f6 12. d4 exd4 13. Nxd4 Nxd4 14. Qxd4 Qxd4 15. cxd4 Bf5 16. Rxb7 Rxb7 17. Bxb7 Kf8 18. c3 Rb8 19. Bd5 Rb1 20. Bb3 1-0

[Event "Berlin-ch QT"]
[Site "Berlin"]
[Date "2013.04.07"]
[Round "9"]
[White "Bandow, Alexander"]
[Black "Jaeger, Tobias"]
[Result "1/2-1/2"]
[WhiteElo "2075"]
[BlackElo "2058"]
[PlyCount "200"]
[EventDate "2013.03.30"]
[EventType "swiss"]
[EventRounds "9"]
[EventCountry "GER"]
[SourceTitle "EXT 2023"]
[Source "ChessBase"]
[SourceDate "2022.10.05"]
[SourceVersion "1"]
[SourceVersionDate "2022.10.05"]
[SourceQuality "1"]

1. c4 Nf6 2. Nc3 g6 3. g3 Bg7 4. Nf3 0-0 5. Bg2 d6 6. 0-0 e5 7. d3 Nbd7 8. e3 c6 9. Qc2 Re8 10. Nd2 Nb6 11. Rb1 d5 12. b4 dxc4 13. dxc4 Bf5 14. Nce4 Nxe4 15. Nxe4 Qc7 16. Rd1 Red8 17. Bb2 Rxd1+ 18. Rxd1 Rd8 19. Bf3 Rxd1+ 20. Bxd1 Qd7 21. Bf3 Qe6 22. Be2 h5 23. a3 a6 24. c5 Na4 25. Ba1 Bxe4 26. Qxa4 Qh3 27. f3 Bd5 28. e4 Ba2 29. Qc2 Qe6 30. Bb2 Kh7 31. Bc1 Bf6 32. Qd2 Bc4 33. Bxc4 Qxc4 34. Kg2 a5 35. Kf2 axb4 36. axb4 Bg7 37. Kg2 Bf6 38. Kf2 Kg8 39. Bb2 Qb3 40. Bc1 Qb1 41. Qb2 Qd3 42. Qd2 Qxd2+ 43. Bxd2 Bg7 44. Ke2 Kf8 45. Kd3 Ke7 46. Kc4 Ke6 47. b5 f5 48. Bg5 Kd7 49. h4 Kc7 50. Kb4 fxe4 51. fxe4 b6 52. cxb6+ Kxb6 53. Bd8+ Kb7 54. Be7 cxb5 55. Kxb5 Kc7 56. Kc5 Kd7 57. Bg5 Ke6 58. Kc4 Bf8 59. Bc1 Be7 60. Kb5 Bd6 61. Kc4 Bc7 62. Kb5 Bb8 63. Be3 Bd6 64. Bc1 Kd7 65. Bb2 Bb8 66. Kb6 Bd6 67. Kb5 Ke6 68. Kc4 Bb8 69. Ba3 Bc7 70. Kb5 Bd8 71. Bc1 Bf6 72. Kc6 Bg7 73. Kb5 Kd6 74. Kb6 Bf6 75. Kb5 Bd8 76. Bg5 Bc7 77. Bd2 Kd7 78. Kc5 Ke6 79. Bc1 Ba5 80. Kc4 Be1 81. Kd3 Bxg3 82. Bg5 Be1 83. Ke2 Bb4 84. Be3 Be7 85. Bf2 Bf6 86. Kf3 Kd6 87. Ke3 Kc6 88. Kd3 Kb5 89. Kc3 g5 90. hxg5 Bxg5 91. Kd3 h4 92. Ke2 h3 93. Kf1 Kc4 94. Kg1 Bf4 95. Bh4 Kd3 96. Bf6 Kxe4 97. Bxe5 Bxe5 98. Kh1 Kf3 99. Kg1 Kg3 100. Kh1 Kf2 1/2-1/2

[Event "Berlin-ch QT"]
[Site "Berlin"]
[Date "2013.04.05"]
[Round "7"]
[White "Bandow, Alexander"]
[Black "Major, Vitalij"]
[Result "1-0"]
[WhiteElo "2075"]
[BlackElo "2156"]
[PlyCount "67"]
[EventDate "2013.03.30"]
[EventType "swiss"]
[EventRounds "9"]
[EventCountry "GER"]
[SourceTitle "EXT 2023"]
[Source "ChessBase"]
[SourceDate "2022.10.05"]
[SourceVersion "1"]
[SourceVersionDate "2022.10.05"]
[SourceQuality "1"]

1. e4 c5 2. Nf3 d6 3. c4 e5 4. Nc3 Ne7 5. d3 Nbc6 6. Nd5 Nxd5 7. cxd5 Ne7 8. b4 b6 9. Bb2 Ng6 10. Nd2 Be7 11. b5 0-0 12. g3 f5 13. f3 f4 14. Bg2 Bd7 15. a4 Qc8 16. Nc4 Bh3 17. Qc2 Rf6 18. g4 Bxg2 19. Qxg2 Nf8 20. h4 Nd7 21. Bc3 Rf8 22. Ke2 a6 23. bxa6 Rxa6 24. g5 Rd8 25. Rhb1 Qc7 26. Qg4 Nf8 27. a5 bxa5 28. Bxa5 Qa7 29. Bxd8 Bxd8 30. Rxa6 Qxa6 31. Rb8 Qa2+ 32. Nd2 Qa5 33. Qc8 Be7 34. Qe6+ 1-0

[Event "Berlin-ch QT"]
[Site "Berlin"]
[Date "2013.04.04"]
[Round "6"]
[White "Steinert, Christian"]
[Black "Bandow, Alexander"]
[Result "0-1"]
[WhiteElo "1987"]
[BlackElo "2075"]
[PlyCount "114"]
[EventDate "2013.03.30"]
[EventType "swiss"]
[EventRounds "9"]
[EventCountry "GER"]
[SourceTitle "EXT 2023"]
[Source "ChessBase"]
[SourceDate "2022.10.05"]
[SourceVersion "1"]
[SourceVersionDate "2022.10.05"]
[SourceQuality "1"]

1. e4 d5 2. exd5 Nf6 3. Nf3 Nxd5 4. d4 Bg4 5. Be2 e6 6. c4 Nb6 7. Be3 c6 8. Qb3 N8d7 9. a4 a5 10. Nc3 Bb4 11. 0-0 Nf6 12. h3 Bh5 13. g4 Bg6 14. Ne5 Nfd7 15. f4 Qh4 16. Rf3 f6 17. Bf2 Qh6 18. g5 fxg5 19. Ng4 Qh5 20. Rg3 gxf4 21. Nf6+ gxf6 22. Bxh5 fxg3 23. Bxg6+ hxg6 24. Bxg3 Rxh3 25. Kg2 Rh5 26. Re1 Kf7 27. Rh1 Rah8 28. Rxh5 Rxh5 29. Ne4 c5 30. Nd6+ Ke7 31. dxc5 Nxc5 32. Qc2 Rg5 33. Kf3 Rxg3+ 34. Kxg3 Kxd6 35. Qxg6 Nxc4 36. Qg8 Nd7 37. Qa8 Kc7 38. b3 Nd2 39. Qe8 Ne4+ 40. Kf4 Nec5 41. Ke3 e5 42. Qg8 Kd6 43. Qf7 Bc3 44. Qc4 Bd4+ 45. Ke2 f5 46. Qf7 f4 47. Qc4 Ne4 48. Qf7 Nc3+ 49. Kd3 f3 50. Kc4 f2 51. b4 axb4 52. Kxb4 Nd5+ 53. Ka5 N7f6 54. Qf8+ Kc7 55. Qf7+ Kb8 56. Qf8+ Ka7 57. Qf7 Bc3+ 0-1

[Event "Berlin-ch QT"]
[Site "Berlin"]
[Date "2013.04.03"]
[Round "5"]
[White "Bandow, Alexander"]
[Black "Neuenbaumer, Jan Holger"]
[Result "1-0"]
[WhiteElo "2075"]
[BlackElo "1895"]
[PlyCount "61"]
[EventDate "2013.03.30"]
[EventType "swiss"]
[EventRounds "9"]
[EventCountry "GER"]
[SourceTitle "EXT 2023"]
[Source "ChessBase"]
[SourceDate "2022.10.05"]
[SourceVersion "1"]
[SourceVersionDate "2022.10.05"]
[SourceQuality "1"]

1. c4 e5 2. Nf3 Nc6 3. Nc3 Nf6 4. d3 d5 5. cxd5 Nxd5 6. Qa4 Nb6 7. Qd1 Be7 8. g3 0-0 9. Bg2 Be6 10. 0-0 f6 11. b3 Qd7 12. Bb2 Rad8 13. a3 Nd5 14. Qc2 Nxc3 15. Qxc3 Bd5 16. b4 Bxf3 17. Bxf3 Nd4 18. Qc4+ Kh8 19. Bxd4 Qxd4 20. Qxc7 Rd7 21. Qc2 Qb6 22. Rfc1 Rfd8 23. Bg4 Rd4 24. Bh3 a5 25. bxa5 Qxa5 26. Qc7 Qxc7 27. Rxc7 Bd6 28. Rxb7 Ra4 29. Rc1 Rxa3 30. Bg2 Ra2 31. Rd7 1-0

[Event "Berlin-ch QT"]
[Site "Berlin"]
[Date "2013.04.02"]
[Round "4"]
[White "Rausch, Erik"]
[Black "Bandow, Alexander"]
[Result "0-1"]
[WhiteElo "1833"]
[BlackElo "2075"]
[PlyCount "76"]
[EventDate "2013.03.30"]
[EventType "swiss"]
[EventRounds "9"]
[EventCountry "GER"]
[SourceTitle "EXT 2023"]
[Source "ChessBase"]
[SourceDate "2022.10.05"]
[SourceVersion "1"]
[SourceVersionDate "2022.10.05"]
[SourceQuality "1"]

1. Nf3 Nc6 2. c4 g6 3. g3 e5 4. d3 Bg7 5. Nc3 Nf6 6. Bg2 d6 7. 0-0 Bd7 8. Rb1 Qc8 9. Bg5 h6 10. Bxf6 Bxf6 11. Nd5 Bd8 12. b4 Bh3 13. b5 Bxg2 14. Kxg2 Nb8 15. e4 c6 16. Ne3 Nd7 17. d4 Qc7 18. Qd3 Bf6 19. Ng4 Bg7 20. dxe5 dxe5 21. Qe2 Nc5 22. Rfd1 h5 23. Ne3 Nxe4 24. Qc2 Nc5 25. a4 0-0 26. Ng5 f5 27. h4 Qe7 28. Qa2 Bh6 29. Nf3 Qf6 30. Qa3 Ne4 31. bxc6 bxc6 32. Rb7 Rad8 33. Rdd7 Rxd7 34. Rxd7 f4 35. Nf1 fxg3 36. fxg3 Nc5 37. Rd1 e4 38. Qxc5 Qxf3+ 0-1

[Event "Berlin Lichtenrade op 08th"]
[Site "Berlin"]
[Date "2012.10.07"]
[Round "9"]
[White "Bandow, Alexander"]
[Black "Krefenstein, Sergej"]
[Result "0-1"]
[WhiteElo "2044"]
[BlackElo "2072"]
[PlyCount "114"]
[EventDate "2012.09.29"]
[EventType "swiss"]
[EventRounds "9"]
[EventCountry "GER"]
[SourceTitle "CBM 150 Extra"]
[Source "ChessBase"]
[SourceDate "2012.10.19"]
[SourceVersion "1"]
[SourceVersionDate "2012.10.19"]
[SourceQuality "1"]

1. c4 c5 2. g3 Nf6 3. Nc3 d5 4. cxd5 Nxd5 5. Bg2 Nc7 6. Qb3 Nc6 7. Bxc6+ bxc6 8. d3 Ne6 9. Qa4 Bb7 10. Be3 Qb6 11. b3 Nd4 12. Rc1 e5 13. f3 Rd8 14. Kf2 Be7 15. Nh3 Nf5 16. Qe4 Nxe3 17. Na4 Qa5 18. Qxe3 Rd5 19. Ng5 Bc8 20. Ne4 f5 21. Nexc5 f4 22. gxf4 exf4 23. Qxf4 Rxc5 24. Nxc5 Bxc5+ 25. d4 Be7 26. Rxc6 Bd7 27. Rc2 Qh5 28. h4 Rf8 29. Qb8+ Kf7 30. Qg3 Bf6 31. Rc7 Qd5 32. Rd1 Kg8 33. Kg2 Qb5 34. Rd2 Qb4 35. Rdc2 Bb5 36. Qg4 h6 37. Qe6+ Kh7 38. Rc8 Rxc8 39. Qf5+ g6 40. Qxc8 a6 41. Rc7+ Bg7 42. Qd8 Qd2 43. Qf6 Qxe2+ 44. Kg3 Qe1+ 45. Kf4 g5+ 46. hxg5 hxg5+ 47. Qxg5 Qd2+ 48. Kg4 Qxd4+ 49. Kh3 Bf1+ 50. Kh2 Qd6+ 51. Qg3 Qh6+ 52. Kg1 Bh3 53. Rc4 Qe3+ 54. Kh2 Be6 55. Qh4+ Kg8 56. Qd8+ Bf8 57. Qh4 Bd6+ 0-1

[Event "Berlin Lichtenrade op 08th"]
[Site "Berlin"]
[Date "2012.10.04"]
[Round "6"]
[White "Lauridsen, Jesper Morch"]
[Black "Bandow, Alexander"]
[Result "0-1"]
[WhiteElo "2248"]
[BlackElo "2044"]
[PlyCount "88"]
[EventDate "2012.09.29"]
[EventType "swiss"]
[EventRounds "9"]
[EventCountry "GER"]
[SourceTitle "CBM 150 Extra"]
[Source "ChessBase"]
[SourceDate "2012.10.19"]
[SourceVersion "1"]
[SourceVersionDate "2012.10.19"]
[SourceQuality "1"]

1. e4 d5 2. d4 dxe4 3. Nc3 Nf6 4. f3 exf3 5. Nxf3 Bg4 6. h3 Bxf3 7. Qxf3 c6 8. Be3 e6 9. Bd3 Nbd7 10. 0-0 Nb6 11. Rf2 Qd7 12. Raf1 0-0-0 13. g4 Nfd5 14. Nxd5 Nxd5 15. Bd2 f6 16. c4 Nb6 17. Be3 Kb8 18. a4 c5 19. a5 cxd4 20. Bf4+ e5 21. Bf5 Qd6 22. axb6 exf4 23. bxa7+ Ka8 24. Re1 Qb6 25. Re6 Bd6 26. Be4 Qb4 27. b3 d3 28. Rf1 Qxb3 29. Bd5 Rhe8 30. Kh1 Rxe6 31. Bxe6 Bc5 32. Bd5 Be3 33. Rd1 Kxa7 34. Qf1 Rxd5 35. Ra1+ Kb8 36. cxd5 Qxd5+ 37. Qg2 f3 38. Qh2+ Qe5 39. Qa2 f2 40. Qg8+ Kc7 41. Qf7+ Kc6 42. Qc4+ Bc5 43. Qa4+ Kd6 44. Kg2 f1Q+ 0-1

[Event "Berlin Lichtenrade op 08th"]
[Site "Berlin"]
[Date "2012.10.02"]
[Round "4"]
[White "Bandow, Alexander"]
[Black "Stark, Ingo"]
[Result "1-0"]
[WhiteElo "2044"]
[BlackElo "2174"]
[PlyCount "107"]
[EventDate "2012.09.29"]
[EventType "swiss"]
[EventRounds "9"]
[EventCountry "GER"]
[SourceTitle "CBM 150 Extra"]
[Source "ChessBase"]
[SourceDate "2012.10.19"]
[SourceVersion "1"]
[SourceVersionDate "2012.10.19"]
[SourceQuality "1"]

1. c4 Nf6 2. Nc3 e6 3. g3 d5 4. d4 c5 5. cxd5 Nxd5 6. Nf3 Nc6 7. e4 Nxc3 8. bxc3 cxd4 9. cxd4 Bb4+ 10. Bd2 Qa5 11. Bd3 0-0 12. a3 Bxd2+ 13. Qxd2 Rd8 14. Qxa5 Nxa5 15. Rd1 b6 16. Ke2 Bb7 17. Ke3 Rac8 18. Rc1 Kf8 19. Nd2 Ke7 20. Rhd1 g6 21. f3 h6 22. Be2 Rd7 23. Rxc8 Bxc8 24. Rc1 Kd8 25. Bb5 Re7 26. Rc3 Bd7 27. Ba6 Bc6 28. Nb3 Nxb3 29. Rxc6 Rc7 30. Rxc7 Kxc7 31. e5 Kc6 32. Bc4 Na5 33. Ba2 b5 34. Kd3 a6 35. f4 h5 36. h3 Nb7 37. d5+ exd5 38. Kd4 Nd8 39. Bxd5+ Kb6 40. Bb3 Kc6 41. Bd5+ Kb6 42. g4 hxg4 43. hxg4 Ne6+ 44. Ke4 Kc5 45. Bxe6 fxe6 46. f5 gxf5+ 47. gxf5 exf5+ 48. Kxf5 a5 49. e6 b4 50. axb4+ Kxb4 51. e7 a4 52. e8Q a3 53. Qg8 Kc3 54. Qa2 1-0

[Event "Berlin Lichtenrade op 03rd"]
[Site "Berlin"]
[Date "2007.04.12"]
[Round "6"]
[White "Hess, Markus"]
[Black "Bandow, Alexander"]
[Result "1-0"]
[WhiteElo "1946"]
[BlackElo "2120"]
[PlyCount "33"]
[EventDate "2007.04.07"]
[EventType "swiss"]
[EventRounds "9"]
[EventCountry "GER"]
[SourceTitle "EXT 2008"]
[Source "ChessBase"]
[SourceDate "2007.11.25"]
[SourceVersion "1"]
[SourceVersionDate "2007.11.25"]
[SourceQuality "1"]

1. d4 Nf6 2. Nf3 d5 3. e3 e6 4. Bd3 Bd6 5. Nbd2 Nbd7 6. 0-0 0-0 7. Re1 e5 8. e4 dxe4 9. Nxe4 Nxe4 10. Rxe4 f5 11. Bc4+ Kh8 12. Rh4 Nf6 13. dxe5 b5 14. exf6 Bxh2+ 15. Kxh2 Qxd1 16. fxg7+ Kxg7 17. Bh6+ 1-0

[Event "Berlin Lichtenrade op 03rd"]
[Site "Berlin"]
[Date "2007.04.11"]
[Round "5"]
[White "Bandow, Alexander"]
[Black "Uckar, Klaudijo"]
[Result "1-0"]
[WhiteElo "2120"]
[BlackElo "1695"]
[PlyCount "93"]
[EventDate "2007.04.07"]
[EventType "swiss"]
[EventRounds "9"]
[EventCountry "GER"]
[SourceTitle "EXT 2008"]
[Source "ChessBase"]
[SourceDate "2007.11.25"]
[SourceVersion "1"]
[SourceVersionDate "2007.11.25"]
[SourceQuality "1"]

1. e4 e5 2. Bc4 Nf6 3. d3 Be7 4. Nf3 Nc6 5. c3 d6 6. b4 Bg4 7. 0-0 a6 8. a4 0-0 9. h3 Bh5 10. Nbd2 d5 11. exd5 Nxd5 12. Qb3 Nf4 13. Re1 Bg6 14. Nxe5 Nxe5 15. Rxe5 Bf6 16. Re3 Nxd3 17. Ne4 Bxe4 18. Rxe4 Nxc1 19. Rxc1 c6 20. Rd1 Qc7 21. a5 Rad8 22. Rde1 Qd6 23. Bxf7+ Kh8 24. Bh5 Qd2 25. Rd1 Qg5 26. Rxd8 Bxd8 27. Qf7 Qf6 28. Qxf6 Bxf6 29. Re3 g6 30. Bf3 Rf7 31. Kf1 Kg7 32. Ke2 Rd7 33. Bg4 Rc7 34. Rd3 h5 35. Bf3 Bg5 36. Kd1 Be7 37. Kc2 c5 38. bxc5 Bxc5 39. Be4 Be7 40. Kb3 Rc5 41. Rd7 Kf6 42. Rxb7 Rxa5 43. Rb6+ Ke5 44. Bxg6 h4 45. Bd3 Ra3+ 46. Kb2 a5 47. Bc4 1-0

[Event "Berlin op 09"]
[Site "Berlin"]
[Date "2006.10.05"]
[Round "6"]
[White "Bandow, Alexander"]
[Black "Hesselbarth, Karlheinz"]
[Result "1-0"]
[WhiteElo "2153"]
[BlackElo "1933"]
[PlyCount "59"]
[EventDate "2006.09.30"]
[EventType "swiss"]
[EventRounds "9"]
[EventCountry "GER"]
[SourceTitle "EXT 2007"]
[Source "ChessBase"]
[SourceDate "2006.11.23"]
[SourceVersion "1"]
[SourceVersionDate "2006.11.23"]
[SourceQuality "1"]

1. e4 e5 2. Nf3 Nc6 3. Bc4 Bc5 4. 0-0 Nf6 5. d3 d6 6. Bg5 h6 7. Bh4 Na5 8. Bb3 Nxb3 9. axb3 Bg4 10. h3 Be6 11. c4 c6 12. Qd2 g5 13. Nxg5 hxg5 14. Qxg5 Nh5 15. Qxd8+ Rxd8 16. Bxd8 Kxd8 17. b4 Bb6 18. Nc3 Nf4 19. c5 dxc5 20. Na4 cxb4 21. Nxb6 axb6 22. Ra8+ Bc8 23. Kh2 Kc7 24. Kg3 Nxd3 25. Rd1 Rd8 26. Rd2 Nc5 27. Rxd8 Kxd8 28. f3 Nd3 29. h4 Kc7 30. h5 1-0

[Event "Berlin op 09"]
[Site "Berlin"]
[Date "2006.10.02"]
[Round "3"]
[White "Glantz, Robert"]
[Black "Bandow, Alexander"]
[Result "1-0"]
[WhiteElo "1926"]
[BlackElo "2153"]
[PlyCount "125"]
[EventDate "2006.09.30"]
[EventType "swiss"]
[EventRounds "9"]
[EventCountry "GER"]
[SourceTitle "EXT 2007"]
[Source "ChessBase"]
[SourceDate "2006.11.23"]
[SourceVersion "1"]
[SourceVersionDate "2006.11.23"]
[SourceQuality "1"]

1. e4 d5 2. exd5 Qxd5 3. Nc3 Qa5 4. d4 e5 5. Nf3 Bg4 6. Be2 Nc6 7. d5 0-0-0 8. Bd2 Bxf3 9. Bxf3 Nd4 10. 0-0 Nxf3+ 11. Qxf3 Nf6 12. Qf5+ Kb8 13. Rfe1 Bd6 14. Bg5 Bb4 15. Rxe5 Bxc3 16. bxc3 Qxc3 17. Rd1 Rhe8 18. Rxe8 Rxe8 19. h4 Re1+ 20. Rxe1 Qxe1+ 21. Kh2 Qe5+ 22. Qxe5 Ng4+ 23. Kg3 Nxe5 24. h5 Nc4 25. Kf4 Kc8 26. Be7 Kd7 27. Bf8 g6 28. g4 f6 29. Bc5 b6 30. Bd4 Ke7 31. Ke4 f5+ 32. gxf5 Nd6+ 33. Kf4 Nxf5 34. Be5 Kd7 35. hxg6 hxg6 36. Kg5 b5 37. Bf6 Nd6 38. Kxg6 Nc4 39. Kf5 Kd6 40. Ke4 Nd2+ 41. Kd3 Nc4 42. Kd4 a6 43. Bg5 c5+ 44. Ke4 b4 45. Bf4+ Kd7 46. Bh6 Nd6+ 47. Kf4 Ke7 48. Bg5+ Kf7 49. Bd8 Nc4 50. Ke4 Nd6+ 51. Kd3 Ke8 52. Bc7 c4+ 53. Ke3 Nb7 54. Kd4 Kd7 55. d6 c3 56. Kc4 a5 57. Kb5 Ke6 58. Bxa5 Nxd6+ 59. Kxb4 Kd5 60. Bb6 Ne4 61. Be3 Kd6 62. Kc4 Ke5 63. a3 1-0

[Event "Berlin op 09"]
[Site "Berlin"]
[Date "2006.09.30"]
[Round "1"]
[White "Heimbrodt, Birk"]
[Black "Bandow, Alexander"]
[Result "0-1"]
[WhiteElo "1625"]
[BlackElo "2153"]
[PlyCount "24"]
[EventDate "2006.09.30"]
[EventType "swiss"]
[EventRounds "9"]
[EventCountry "GER"]
[SourceTitle "EXT 2007"]
[Source "ChessBase"]
[SourceDate "2006.11.23"]
[SourceVersion "1"]
[SourceVersionDate "2006.11.23"]
[SourceQuality "1"]

1. e4 c5 2. Nc3 Nc6 3. f4 e6 4. Nf3 d5 5. exd5 exd5 6. d4 Nf6 7. h3 cxd4 8. Nxd4 Ne4 9. Nxe4 dxe4 10. Nxc6 Qh4+ 11. Ke2 bxc6 12. Be3 Ba6+ 0-1

[Event "Berlin op 04"]
[Site "Berlin"]
[Date "2006.04.21"]
[Round "7"]
[White "Freyberg, Dominic"]
[Black "Bandow, Alexander"]
[Result "1-0"]
[WhiteElo "2030"]
[BlackElo "1956"]
[PlyCount "95"]
[EventDate "2006.04.14"]
[EventType "swiss"]
[EventRounds "9"]
[EventCountry "GER"]
[SourceTitle "EXT 2007"]
[Source "ChessBase"]
[SourceDate "2006.11.23"]
[SourceVersion "1"]
[SourceVersionDate "2006.11.23"]
[SourceQuality "1"]

1. e4 c5 2. Nc3 e6 3. f4 g6 4. Nf3 Bg7 5. Bc4 Ne7 6. f5 exf5 7. d3 Nbc6 8. 0-0 0-0 9. Bg5 h6 10. Bh4 Nd4 11. Nd5 Nxf3+ 12. Qxf3 g5 13. Bf2 fxe4 14. Nf6+ Kh8 15. dxe4 Ng6 16. Bxc5 d6 17. Bd4 Ne5 18. Bxe5 dxe5 19. Rad1 Qc7 20. Bb3 Be6 21. Qh5 Bxb3 22. cxb3 Rad8 23. Nd5 Qc5+ 24. Kh1 f5 25. b4 Qb5 26. Ne7 Rxd1 27. Rxd1 Rf6 28. Nxf5 Qxb4 29. Qe8+ Qf8 30. Qxe5 Rf7 31. Qb5 Kh7 32. h3 Qc8 33. Qb3 Rd7 34. Nxg7 Rxd1+ 35. Qxd1 Kxg7 36. Qd4+ Kg6 37. Qd6+ Kg7 38. Qe5+ Kg6 39. Kh2 g4 40. Qd6+ Kg7 41. hxg4 Qc1 42. Qd4+ Kg6 43. Qf2 Qb1 44. e5 Qxa2 45. Qf6+ Kh7 46. e6 Qc4 47. e7 Qxg4 48. Qf7+ 1-0

[Event "Berlin op 04"]
[Site "Berlin"]
[Date "2006.04.20"]
[Round "6"]
[White "Bandow, Alexander"]
[Black "Mueller, Peter"]
[Result "1-0"]
[WhiteElo "1956"]
[BlackElo "1872"]
[PlyCount "71"]
[EventDate "2006.04.14"]
[EventType "swiss"]
[EventRounds "9"]
[EventCountry "GER"]
[SourceTitle "EXT 2007"]
[Source "ChessBase"]
[SourceDate "2006.11.23"]
[SourceVersion "1"]
[SourceVersionDate "2006.11.23"]
[SourceQuality "1"]

1. e4 e5 2. Nf3 Nc6 3. Bb5 a6 4. Ba4 Nf6 5. d3 b5 6. Bb3 Be7 7. c3 d6 8. 0-0 Na5 9. Bc2 c5 10. d4 Qc7 11. a4 b4 12. cxb4 cxb4 13. d5 Bg4 14. Nbd2 0-0 15. h3 Bh5 16. g4 Bg6 17. Bd3 Nxd5 18. Nb3 Nf6 19. Nxa5 Qxa5 20. Qe2 Rfc8 21. g5 Nd7 22. Nh4 Nc5 23. Nxg6 fxg6 24. Bc4+ Kh8 25. Bd5 Rab8 26. h4 Qd8 27. Qg4 Qd7 28. Qg3 Rf8 29. Kg2 Rbe8 30. Rh1 Ne6 31. h5 gxh5 32. Rxh5 Nf4+ 33. Bxf4 Rxf4 34. g6 h6 35. Rxh6+ gxh6 36. g7+ 1-0

[Event "Berlin op 04"]
[Site "Berlin"]
[Date "2006.04.19"]
[Round "5"]
[White "Bockelmann, Rolf"]
[Black "Bandow, Alexander"]
[Result "0-1"]
[WhiteElo "1607"]
[BlackElo "1956"]
[PlyCount "122"]
[EventDate "2006.04.14"]
[EventType "swiss"]
[EventRounds "9"]
[EventCountry "GER"]
[SourceTitle "EXT 2007"]
[Source "ChessBase"]
[SourceDate "2006.11.23"]
[SourceVersion "1"]
[SourceVersionDate "2006.11.23"]
[SourceQuality "1"]

1. e4 c5 2. c3 d5 3. exd5 Qxd5 4. d4 cxd4 5. cxd4 Nc6 6. Be3 e5 7. Nc3 Bb4 8. Qa4 exd4 9. Rd1 dxc3 10. Rxd5 cxb2+ 11. Qxb4 Nxb4 12. Bb5+ Ke7 13. Bc5+ Kf6 14. Bd4+ Kg6 15. Rd6+ Nf6 16. Bxb2 a6 17. Bc4 Re8+ 18. Ne2 b5 19. Bb3 Bf5 20. Bd4 Bd3 21. Be3 Bxe2 22. Kxe2 a5 23. a3 a4 24. Bd1 Nbd5 25. Bc2+ Kh5 26. Rd1 Re5 27. Rd4 Nxe3 28. fxe3 Rae8 29. Rd3 Rc8 30. Bd1 Kg5 31. Kf3 Rf5+ 32. Ke2 Rc7 33. R3d4 Rc3 34. h4+ Kg6 35. g4 Re5 36. Rd3 Rxd3 37. Kxd3 Re6 38. Rxe6 fxe6 39. Kd4 Nd7 40. Bc2+ Kf7 41. Bd3 e5+ 42. Kc3 Nf6 43. Bf5 g6 44. Bc8 Nd5+ 45. Kd3 Ke7 46. Bb7 Kd6 47. e4 Ne7 48. Kc3 Kc7 49. Ba8 Kb8 50. Kb4 Kxa8 51. Kxb5 Kb7 52. Kxa4 Kc6 53. Kb4 h6 54. a4 Nc8 55. a5 Nd6 56. a6 Nxe4 57. a7 Kb7 58. a8Q+ Kxa8 59. Kc4 Nd6+ 60. Kd5 e4 61. Kd4 Kb7 0-1

[Event "Berlin Lichtenrade op 02nd"]
[Site "Berlin"]
[Date "2005.10.04"]
[Round "4"]
[White "Giemsa, Stephan"]
[Black "Bandow, Alexander"]
[Result "1-0"]
[WhiteElo "2306"]
[BlackElo "2159"]
[PlyCount "29"]
[EventDate "2005.10.01"]
[EventType "swiss"]
[EventRounds "9"]
[EventCountry "GER"]
[SourceTitle "CBM 108 Extra"]
[Source "ChessBase"]
[SourceDate "2005.11.04"]
[SourceVersion "1"]
[SourceVersionDate "2005.11.04"]
[SourceQuality "1"]

1. d4 c5 2. d5 e5 3. c4 d6 4. e4 f5 5. exf5 Bxf5 6. Bd3 e4 7. Bc2 Nf6 8. Nc3 Qe7 9. Nge2 Nbd7 10. 0-0 Bg4 11. h3 g5 12. hxg4 Nxg4 13. Nxe4 Qf7 14. N2g3 h5 15. Nxg5 1-0